LEADER 04857nam 2200709 450 001 9910456541203321 005 20200520144314.0 010 $a1-4426-7068-1 024 7 $a10.3138/9781442670686 035 $a(CKB)2430000000001435 035 $a(EBL)3255405 035 $a(OCoLC)923071834 035 $a(SSID)ssj0000375253 035 $a(PQKBManifestationID)11284785 035 $a(PQKBTitleCode)TC0000375253 035 $a(PQKBWorkID)10447936 035 $a(PQKB)11436838 035 $a(CaBNvSL)thg00600682 035 $a(MiAaPQ)EBC3255405 035 $a(MiAaPQ)EBC4671172 035 $a(DE-B1597)464165 035 $a(OCoLC)1013939014 035 $a(OCoLC)946712801 035 $a(DE-B1597)9781442670686 035 $a(Au-PeEL)EBL4671172 035 $a(CaPaEBR)ebr11256892 035 $a(OCoLC)804815610 035 $a(EXLCZ)992430000000001435 100 $a20160922h20022002 uy 0 101 0 $aeng 135 $aur|n|---||||| 181 $ctxt 182 $cc 183 $acr 200 00$aAfter poststructuralism $ewriting the intellectual history of theory /$fedited by Tilottama Rajan and Michael J. O'Driscoll 210 1$aToronto, [Canada] ;$aBuffalo, [New York] ;$aLondon, [England] :$cUniversity of Toronto Press,$d2002. 210 4$d©2002 215 $a1 online resource (353 p.) 300 $aDescription based upon print version of record. 311 $a0-8020-4791-2 320 $aIncludes bibliographical references and index. 327 $tFrontmatter -- $tContents -- $tAcknowledgments -- $tIntroduction / $rRajan, Tilottama / O'driscoll, Michael J. -- $tGenealogies -- $tSome Theoretical and Historical Complications in Hegel's Aesthetics of Comedy / $rCorngold, Stanley -- $tThe Double Detour: Sartre, Heidegger, and the Genealogy of Deconstruction / $rRajan, Tilottama -- $tThe Premodern Condition: Neo-Primitivism in Baudrillard and Lyotard / $rLi, Victor -- $tThe Sublime between History and Theory: Hegel, de Man, and Beyond / $rBalfour, Ian -- $tPerformativities -- $tTheatrum Theoreticum / $rGasché, Rodolphe -- $tTopo-philosophies: Plato's Diagonals, Hegel's Spirals, and Irigaray's Multifolds / $rPlotnitsky, Arkady -- $tThe Eclipse of Coincidence: Lacan, Merleau-Ponty, and V ?i?ek's Misreading of Schelling / $rDews, Peter -- $tPhysiologies -- $tContradictory Pieces of Time and History / $rWall, Anthony -- $tThe Body of History / $rHaghighi, Mani -- $tWritten in the Sand: Bataille's Phenomenology of Transgression and the Transgression of Phenomenology / $rWall, Brian -- $tTechnologies -- $tTheory avant la Lettre: An Excavation in Early Modern England / $rBradley Salamon, Linda -- $tDerrida, Foucault, and the Archiviolithics of History / $rO'driscoll, Michael J. -- $tDe Man, Marx, Rousseau, and the Machine / $rWang, Orrin N.C. -- $tContributors -- $tIndex 330 $aEvery history of theory is simultaneously a theory of history. Rajan and O'Driscoll's wide-ranging volume tackles the issue of providing an intellectual history of theory, given a considerable continuity between theory and the history of ideas, and also given theory's own questioning of traditional intellectual historical models. The editors address this challenge by providing thirteen essays on a variety of theorists from Derrida to Zizek. Under the paradigms of genealogy, performativity, physiology, and technology, the essayists explore metaphors for connecting the work of theorists from different times, that are drawn from areas other than history, and that can enrich and revise our understanding of the histories of theory. Not only do these essays reflect the impact on writing about theory - and by extension on intellectual history - in areas such as psychoanalysis, philosophy, literature, and cultural studies, but they are also an exploration of theme and situation - the writing of intellectual history after the linguistic turn and the poststructuralist critique. Written for the theory specialists, as well as intellectual historians and those in the humanities and social sciences who are concerned with critical theory, the essays represent a re-evaluation of the current state of theory, as addressed by leading scholars in the field. 606 $aHistory$xPhilosophy 606 $aHistoriography$xHistory 606 $aHistory$xMethodology 606 $aTheory (Philosophy)$xHistory 608 $aElectronic books. 615 0$aHistory$xPhilosophy. 615 0$aHistoriography$xHistory. 615 0$aHistory$xMethodology. 615 0$aTheory (Philosophy)$xHistory. 676 $a901 702 $aRajan$b Tilottama 702 $aO'Driscoll$b Michael J. 801 0$bMiAaPQ 801 1$bMiAaPQ 801 2$bMiAaPQ 906 $aBOOK 912 $a9910456541203321 996 $aAfter poststructuralism$92449248 997 $aUNINA LEADER 01447nam 2200361 n 450 001 996395420003316 005 20221108042834.0 035 $a(CKB)4330000000324248 035 $a(EEBO)2240943382 035 $a(UnM)99868494 035 $a(EXLCZ)994330000000324248 100 $a19940622d1658 uy | 101 0 $aeng 135 $aurbn||||a|bb| 200 10$aAuthente?s. Or A treatise of self-deniall$b[electronic resource] $eWherein the necessity and excellency of it is demonstrated; with several directions for the practice of it. /$fBy Theophilus Polwheile, M.A. sometimes of Emmanuel Colledge in Cambridge, now teacher of the Church at Teverton in Devon 210 $aLondon, $cPrinted for Thomas Johnson, and are to be sold by Richard Scott book-seller in Carlisle.$d1658 215 $a[48], 424, [46] p 300 $aThe first word of the title is in Greek characters. 300 $aWith four final advertisement leaves. 300 $aAnnotation on Thomason copy: "Nouemb:". 300 $aReproduction of the original in the British Library. 330 $aeebo-0018 606 $aSelf-denial$vEarly works to 1800 615 0$aSelf-denial 700 $aPolwheile$b Theophilus$fd. 1689.$01003350 801 0$bCu-RivES 801 1$bCu-RivES 801 2$bCStRLIN 801 2$bWaOLN 906 $aBOOK 912 $a996395420003316 996 $aAuthente?s. Or A treatise of self-deniall$92320439 997 $aUNISA LEADER 01776nam 2200493Ia 450 001 9910701466103321 005 20120327111955.0 035 $a(CKB)5470000002418415 035 $a(OCoLC)781725953 035 $a(EXLCZ)995470000002418415 100 $a20120327d2003 ua 0 101 0 $aeng 135 $aurbn||||||||| 181 $ctxt$2rdacontent 182 $cc$2rdamedia 183 $acr$2rdacarrier 200 00$aCrop production for advanced life support systems$b[electronic resource] $eobservations from the Kennedy Space Center Breadboard Project /$fR.M. Wheeler ... [and others] 210 1$aKennedy Space Center, Fla. :$cNational Aeronautics and Space Administration, John F. Kennedy Space Center,$d[2003] 215 $a1 online resource (viii, 58 pages) $cillustrations 225 1 $aNASA/TM ;$v2003-211184 300 $aTitle from title screen (viewed on Mar. 27, 2012). 300 $a"February 2003." 320 $aIncludes bibliographical references (pages 36-55). 517 $aCrop production for advanced life support systems 606 $aClosed ecological systems$2nasat 606 $aCrop growth$2nasat 606 $aEcosystems$2nasat 606 $aLife support systems$2nasat 606 $aProtocol (computers)$2nasat 606 $aPlants (botany)$2nasat 615 7$aClosed ecological systems. 615 7$aCrop growth. 615 7$aEcosystems. 615 7$aLife support systems. 615 7$aProtocol (computers) 615 7$aPlants (botany) 701 $aWheeler$b R. M$01407865 712 02$aJohn F. Kennedy Space Center. 801 0$bGPO 801 1$bGPO 906 $aBOOK 912 $a9910701466103321 996 $aCrop production for advanced life support systems$93490323 997 $aUNINA